LIBRARY ONLINE CATALOGUE

Managerial economics : (Record no. 9098)

MARC details
000 -LEADER
fixed length control field 00715cam a22002172 4500
001 - CONTROL NUMBER
control field 0000019848
005 - DATE AND TIME OF LATEST TRANSACTION
control field 20151217152203.0
008 - FIXED-LENGTH DATA ELEMENTS--GENERAL INFORMATION
fixed length control field 110222s xx 000 0 eng d
020 ## - INTERNATIONAL STANDARD BOOK NUMBER
International Standard Book Number 0135070659 :
040 ## - CATALOGING SOURCE
Original cataloging agency KABU
Transcribing agency KABU
100 1# - MAIN ENTRY--PERSONAL NAME
Personal name Keat, Paul G.
-- 0000160326
245 10 - TITLE STATEMENT
Title Managerial economics :
Remainder of title economic tools for today's decision makers /
Statement of responsibility, etc. Paul G. Keat, Philip K. Y. Young.
250 ## - EDITION STATEMENT
Edition statement 6th ed.
260 ## - PUBLICATION, DISTRIBUTION, ETC. (IMPRINT)
Place of publication, distribution, etc. Upper Saddle River, NJ. :
Name of publisher, distributor, etc. Pearson Education,
Date of publication, distribution, etc. 2009.
300 ## - PHYSICAL DESCRIPTION
Extent xxiii, 598 p.
650 #0 - SUBJECT ADDED ENTRY--TOPICAL TERM
Topical term or geographic name as entry element Managerial economics.
-- 0000150546
700 1# - ADDED ENTRY--PERSONAL NAME
Personal name Young, Philip K. Y.
-- 0000159302
852 1# - LOCATION
-- p7018.70 KES
908 ## - PUT COMMAND PARAMETER (RLIN)
Put command parameter 110222
950 ## - LOCAL HOLDINGS (RLIN)
-- 1
Holdings
Withdrawn status Lost status Source of classification or shelving scheme Not for loan Home library Current library Date acquired Total Checkouts Full call number Barcode Date last seen Price effective from Koha item type
    Library of Congress Classification   Kabarak, Main Campus Kabarak, Main Campus 17/12/2015   HD30.22 .K43 2009 c. 1 22298 02/08/2024 17/12/2015 General Collection